Obálka Náhled e-knihy:
PDF Epub
Pro půjčování e-knih musíte být přihlášeni.
Jak si půjčit online?

Žďárské vrchy /

Autorka v místopisné knize provází po Žďárských vrších a přináší vlastivědné, historické či kulturní zajímavosti z tohoto regionu.

Uloženo v:
Série:Za tichem, část
Hlavní autor: Šilhová, Lucie, 1968- (Autor, Fotograf)
Médium: E-kniha
Jazyk:Czech
Vydáno: V Praze : Motto, 2025
Vydání:1. vydání
Edice:Za tichem
Témata:
Příbuzné jednotky:Z cyklu:: Za tichem
Tagy:
Žádné tagy
LEADER 02206nam a2200517 i 4500
001 312738
003 CZ PrSKC
005 20260601215728.0
007 ta
008 250522s2025 xr abc e f 000 j cze
015 |a cnb003686163 
020 |a 9788026728740  |q (brožováno) :  |c Kč 329,00 
035 |a (OCoLC)1527577355 
040 |a BOA001  |b cze  |d ABA001  |e rda 
043 |a e-xr---  |b e-xr-mr  |2 czenas 
072 7 |a 913(437)  |x Geografie Česka a Slovenska, reálie, cestování  |2 Konspekt 
080 |a 913(437.32-15)  |2 MRF 
080 |a (437.32-15)  |2 MRF 
080 |a (036)  |2 MRF 
080 |a (0:82-32)  |2 MRF 
100 1 |a Šilhová, Lucie,  |d 1968-  |7 ola2006340329  |4 aut  |4 pht 
245 1 0 |a Žďárské vrchy /  |c Lucie Šilhová 
250 |a 1. vydání 
264 1 |a V Praze :  |b Motto,  |c 2025 
300 |a 170 stran :  |b ilustrace, mapy, portréty ;  |c 19 cm 
336 |a text  |b txt  |2 rdacontent 
337 |a bez média  |b n  |2 rdamedia 
338 |a svazek  |b nc  |2 rdacarrier 
490 1 |a Za tichem 
500 |a Obálkový podnázev: velmi osobní průvodce po místech, kde se duše může nadechnout 
504 |a Obsahuje bibliografii 
520 2 |a Autorka v místopisné knize provází po Žďárských vrších a přináší vlastivědné, historické či kulturní zajímavosti z tohoto regionu. 
651 7 |a Žďárské vrchy (Česko)  |7 ge131635  |x reálie  |2 czenas 
651 9 |a Žďárské vrchy Mountains (Czechia)  |x description and travel  |2 eczenas 
655 7 |a průvodce  |7 fd133154  |2 czenas 
655 7 |a příběhy  |7 fd133204  |2 czenas 
655 9 |a guidebooks  |2 eczenas 
655 9 |a stories  |2 eczenas 
787 0 8 |i Z cyklu:  |t Za tichem 
830 0 |a Za tichem 
900 |a ABA001  |b 21 
928 9 |a Albatros Media - Motto 
044 |a xr 
910 |a RBIT002 
998 |d 420724  |a https://core.palmknihy.cz/api/books/420724/cover?sxa4sj  |b https://core.palmknihy.cz/api/books/420724/cover/400?sxa4sj  |c https://core.palmknihy.cz/api/books/420724/cover/50?sxa4sj  |e 2035-12-31  |g 184  |i 9788026728740  |j https://core.palmknihy.cz/api/books/420724/preview.epub  |k https://core.palmknihy.cz/api/books/420724/preview.pdf  |l   |q 49  |r 1  |s https://www.palmknihy.cz/kniha/420724  |t ebook  |y 2025  |z 0 
999 |d 312736